[Event "Sandnes CC-ch B"]
[Site "Sandnes"]
[Date "2017.03.14"]
[Round "4"]
[White "Ershadi, Mojtaba"]
[Black "Hegre, Kjetil"]
[Result "1-0"]
[WhiteElo "1724"]
[BlackElo "1298"]
[PlyCount "123"]
[EventDate "2017.02.07"]
[EventType "swiss"]
[EventRounds "7"]
[EventCountry "NOR"]
[SourceTitle "EXT 2024"]
[Source "ChessBase"]
[SourceDate "2023.10.10"]
[SourceVersion "1"]
[SourceVersionDate "2023.10.10"]
[SourceQuality "1"]

1. f4 Nf6 2. Nf3 d5 3. e3 c5 4. Nc3 e6 5. Ne2 Be7 6. b3 Nc6 7. Bb2 b6 8. Ng3 0-0 9. a3 Bb7 10. Bd3 d4 11. e4 Qc7 12. 0-0 Rad8 13. Ng5 h6 14. Nh3 Rd7 15. Nh5 Nxh5 16. Qxh5 e5 17. f5 a6 18. Rf3 Rd6 19. Raf1 Qd8 20. g4 b5 21. Rg3 f6 22. Be2 Qa5 23. Bc1 Nd8 24. d3 Nf7 25. Kh1 Qc3 26. Bd1 Qa1 27. Bf3 Qc3 28. Rg2 Qa5 29. Rfg1 Qc7 30. Nf2 Ng5 31. Bxg5 fxg5 32. Qh3 Qa5 33. Qg3 Bf6 34. Ra1 Re8 35. Nd1 Bc6 36. Qf2 Bb7 37. Rg1 Bc6 38. Qe1 Qb6 39. Nb2 Bb7 40. Qd2 Qc7 41. Ra2 Qc8 42. Rga1 Qc7 43. a4 b4 44. Nc4 Rdd8 45. a5 Qb8 46. Qg2 Rf8 47. Nd2 Rc8 48. Nf1 Rcd8 49. Ng3 Qc7 50. Nh5 Qd7 51. Nxf6+ Rxf6 52. Qg3 Qc7 53. h4 gxh4 54. Qxh4 Qe7 55. Kg2 Rdd6 56. Rh1 Qe8 57. Raa1 Qd8 58. Kf2 Qc7 59. g5 hxg5 60. Qh8+ Kf7 61. Bh5+ Ke7 62. Qe8# 1-0

[Event "NOR-ch qual-A"]
[Site "Oslo"]
[Date "2007.04.02"]
[Round "3"]
[White "Ershadi, Mojtaba"]
[Black "Jacobsen, Maria Pitz"]
[Result "0-1"]
[WhiteElo "1717"]
[BlackElo "1661"]
[PlyCount "88"]
[EventDate "2007.04.01"]
[EventType "swiss"]
[EventRounds "7"]
[EventCountry "NOR"]
[SourceTitle "EXT 2008"]
[Source "ChessBase"]
[SourceDate "2007.11.25"]
[SourceVersion "1"]
[SourceVersionDate "2007.11.25"]
[SourceQuality "1"]

1. d4 Nf6 2. Nf3 e6 3. c4 b6 4. g3 Bb7 5. Bg2 d5 6. cxd5 exd5 7. 0-0 Bd6 8. Nc3 a6 9. Bg5 Nbd7 10. Nh4 h6 11. Bd2 Ne4 12. Nf5 Qf6 13. Nxd6+ Qxd6 14. Bf4 Nxc3 15. bxc3 Qa3 16. c4 c6 17. cxd5 cxd5 18. Bh3 Qe7 19. Bc7 b5 20. a4 0-0 21. axb5 axb5 22. Qb3 Nf6 23. Be5 Ba6 24. Rfc1 b4 25. Rc7 Bc4 26. Qb2 Rxa1+ 27. Qxa1 Qd8 28. Rc8 Qe7 29. Rxf8+ Qxf8 30. e3 Ne4 31. Bf5 b3 32. f3 g6 33. Bxe4 dxe4 34. fxe4 f6 35. Bc7 Qe7 36. Ba5 Qxe4 37. Bd2 Bd5 38. Qf1 b2 39. h3 b1Q 40. Be1 Qh1+ 41. Kf2 Qc2+ 42. Bd2 Qh2+ 43. Qg2 Qxd2+ 44. Kf1 Qhxg2# 0-1

[Event "Oslo ASKO Hostturnering"]
[Site "Oslo"]
[Date "2006.10.03"]
[Round "3"]
[White "Fredriksen, Jan Gunnar"]
[Black "Ershadi, Mojtaba"]
[Result "0-1"]
[WhiteElo "1788"]
[BlackElo "1717"]
[PlyCount "40"]
[EventDate "2006.09.12"]
[EventType "swiss"]
[EventRounds "7"]
[EventCountry "NOR"]
[SourceTitle "EXT 2008"]
[Source "ChessBase"]
[SourceDate "2007.11.25"]
[SourceVersion "1"]
[SourceVersionDate "2007.11.25"]
[SourceQuality "1"]

1. g4 d5 2. Bg2 c6 3. g5 e5 4. d4 e4 5. c4 Be7 6. cxd5 cxd5 7. f3 Bxg5 8. fxe4 Bh4+ 9. Kd2 Qg5+ 10. Kc2 Qxg2 11. Nf3 Be6 12. Rg1 Qh3 13. Nc3 dxe4 14. Nxe4 Bf5 15. Qd3 Be7 16. Rxg7 Nc6 17. Bd2 Nf6 18. Nxf6+ Bxf6 19. e4 Bxg7 20. exf5 Qxf3 0-1